000 00668nam a2200241Ia 4500
008 160319s9999 xx 000 0 und d
245 _aKidWorks deluxe /
245 _cKnowledge Adventure, Inc.
260 _aTorrance, CA :
260 _bKnowledge Adventure,
260 _c2005
300 _a2 computer optical disc :
300 _bsound, colored ;
300 _c4 3/4 in.
650 _aCreative thinking --
650 _aCreative thinking.
650 _aCreative writing --
650 _aCreative writing.
650 _aReading (Primary) --
650 _xJuvenile software.
650 _xJuvenile software.
650 _xJuvenile software.
999 _c292715
_d292715